| 000 | 00437cam a2200157 a 4500 | ||
|---|---|---|---|
| 020 | _a1880656086 : | ||
| 040 | _cDLC | ||
| 082 | 0 | 0 | _a823 STO 1993 A093 Or. |
| 100 | 1 | _aHaylock, John. | |
| 245 | 1 | 0 | _aOne hot summer in Kyoto / |
| 250 | _a1st U.S. ed. | ||
| 260 |
_aBerkeley, Calif. : _bStone Bridge Press, _c1993. |
||
| 300 |
_a170 p. ; _c22 cm. |
||
| 856 | 4 | 2 | _uhttp://www.loc.gov/catdir/enhancements/fy1405/93085075-d.html |
| 942 | _cEK | ||
| 999 |
_c12751 _d12751 |
||